| 000 | 00469nam a2200157Ia 4500 | ||
|---|---|---|---|
| 008 | 140529s9999 xx 000 0 und d | ||
| 020 | _a9781569756140 | ||
| 050 |
_aU 101 _b.Su71 2007 |
||
| 100 | _aSun Tzu. | ||
| 245 |
_aThe art of war / _cSun Tzu ; translated by Lionel Giles ; illustrations by Derek Aylward |
||
| 260 |
_aBerkeley, CA : _bUlysses Press, _cc2007. |
||
| 300 |
_a130 p. : _bill. ; _c19 cm. |
||
| 521 | _aGE | ||
| 942 |
_kFOR _cBK |
||
| 999 |
_c117751 _d117751 |
||